000 00264nam a22001097a 4500
008 231201b |||||||| |||| 00| 0 eng d
100 _aMaiti, P.A.
_97139
245 _aStudies in Ancient India
260 _aDelhi;
_bAsia Pub;
_c1965;
300 _a220p
942 _cBK
999 _c40434
_d40434